Normal view
MARC view
- Horticulture
Entry Topical Term
001 - CONTROL NUMBER
- control field: 5833
003 - CONTROL NUMBER IDENTIFIER
- control field: OSt
005 - DATE AND TIME OF LATEST TRANSACTION
- control field: 20240213144137.0
008 - FIXED-LENGTH DATA ELEMENTS
- fixed length control field: 240213|| aca||aabn | a|a d
040 ## - CATALOGING SOURCE
- Original cataloging agency: OSt
- Transcribing agency: OSt
150 ## - HEADING--TOPICAL TERM
- Topical term or geographic name as entry element: Horticulture
670 ## - SOURCE DATA FOUND
- Source citation: Work cat.: (OSt)156: Prakash, J . 1265, Horticulture: New technologies and applications / , 1990.
